000 00427nam a2200169Ia 4500
008 231217s9999 xx 000 0 und d
020 _a817881157X
041 _aEnglish
082 _a658.82 SRE;1 R
100 _aSreenath, Kanugovi.
245 0 _aAdvertising : trends and cases
260 _c2002
_bIcfai
_aHyderabad
300 _avi, 188
400 _aMarketing series
650 _aAdvertising,trends
942 _cAA
999 _c186775
_d186775